Czy znasz wyniki gali KSW 79? - Statystyki

Ogólne statystyki
  • Ten quiz został rozwiązany 42 razy
  • Średni wynik to 6 z 9
Statystyki odpowiedzi
Zagadnienie Odpowiedź % Poprawnych
Kto i jak wygrał walkę Gustaffson vs Hosek? Gustaffson TKO
100%
Kto wygrał walkę Hooi vs Stoimenov? Hooi TKO
100%
Kto wygrał walkę Kita vs Omielańczuk? Kita TKO
100%
Kto i jak wygrał walkę Baczyńska vs Castkova? Baczyńska Decyzja
80%
Kto wygrał walkę Humburger vs Bueno? Humburger Decyzja
80%
Kto wygrał walkę Wrzosek vs Mozny? Wrzosek Decyzja
80%
Kto wygrał starcie mistrzowskie Duffe vs De Fries? De Fries TKO
20%
Kto i jak wygrał walkę Jembiev vs Delfino Delfino Poddanie
0%
Kto i jak wygrał walkę Viszlay vs Komuenha? Viszlay KO
0%
Nie znaleziono quizów pasujących do podanych kryteriów
Rozkład punktacji
Procent ludzi z każdym wynikiem
Percentyl według liczby udzielonych odpowiedzi
Twoja historia wyników
Nie rozwiązałeś tego quizu